书目信息 |
| 题名: |
中国学术文艺史讲话
|
|
| 作者: | 长泽规矩也 著 ;胡锡年 译 | |
| 分册: | ||
| 出版信息: | 太原 山西人民出版社 2015 |
|
| 页数: | 208页 | |
| 开本: | 23cm | |
| 丛书名: | 近代海外汉学名著丛刊 | |
| 单 册: | ||
| 中图分类: | B2 , J120.9 | |
| 科图分类: | ||
| 主题词: | 学术思想--xue shu si xiang--思想史--研究--中国 , 艺术史--yi shu shi--研究--中国 , 文学史--wen xue shi--研究--中国 | |
| 电子资源: | ||
| ISBN: | 978-7-203-09107-3 | |
| 000 | 01247nam0 22003251 450 | |
| 001 | 0120082105 | |
| 005 | 20170320082105.0 | |
| 010 | @a978-7-203-09107-3@dCNY44.00 | |
| 100 | @a20160104e2015 em y0chiy50 ea | |
| 101 | 1 | @achi@cjpn |
| 102 | @aCN@b140000 | |
| 105 | @ay z 000yy | |
| 106 | @ar | |
| 200 | 1 | @a中国学术文艺史讲话@9zhong guo xue shu wen yi shi jiang hua@f(日)长泽规矩也著@g胡锡年译 |
| 205 | @a[影印本] | |
| 210 | @a太原@c山西人民出版社@d2015 | |
| 215 | @a208页@d23cm | |
| 225 | 2 | @a近代海外汉学名著丛刊@9jin dai hai wai han xue ming zhu cong kan@i古典文献与语言文字 |
| 300 | @a国家出版基金项目 | |
| 330 | @a本书以时间为顺序,讲述了中国学术文艺的发展历史。包括先秦的学术思想、先秦时代的文艺、汉魏六朝的学界、汉魏六朝的文艺、隋唐的学问、唐代的诗文小说、宋元的文艺等部分。 | |
| 461 | 0 | @12001 @a近代海外汉学名著丛刊 |
| 606 | 0 | @a学术思想@9xue shu si xiang@x思想史@x研究@y中国 |
| 606 | 0 | @a艺术史@9yi shu shi@x研究@y中国 |
| 606 | 0 | @a文学史@9wen xue shi@x研究@y中国 |
| 690 | @aB2@v5 | |
| 690 | @aJ120.9@v5 | |
| 701 | 0 | @c(日)@a长泽规矩也@9chang ze gui ju ye@c(Kikua Nagazawa@f1902~1980)@4著 |
| 702 | 0 | @a胡锡年@9hu xi nian@f(1913~)@4译 |
| 801 | 0 | @aCN@bTANGWEI@c20170308 |
| 905 | @b0955948-51@dB2@e159@f4 | |
| 中国学术文艺史讲话/(日)长泽规矩也著/胡锡年译.-[影印本].-太原:山西人民出版社,2015 |
| 208页;23cm.-(近代海外汉学名著丛刊.古典文献与语言文字) |
| 国家出版基金项目 |
| ISBN 978-7-203-09107-3:CNY44.00 |
| 本书以时间为顺序,讲述了中国学术文艺的发展历史。包括先秦的学术思想、先秦时代的文艺、汉魏六朝的学界、汉魏六朝的文艺、隋唐的学问、唐代的诗文小说、宋元的文艺等部分。 |
| ● |
| 相关链接 |
|
|
|
|
正题名:中国学术文艺史讲话
索取号:B2/159
 
预约/预借
| 序号 | 登录号 | 条形码 | 馆藏地/架位号 | 状态 | 备注 |
| 1 | 0955948 | 209559486 | 第一样本阅览室/ [索取号:B2/159] | 在馆 | |
| 2 | 0955949 | 209559495 | 第一借阅区/ [索取号:B2/159] | 在馆 | |
| 3 | 0955950 | 209559501 | 第一借阅区/ [索取号:B2/159] | 在馆 | |
| 4 | 0955951 | 209559510 | 第一借阅区/ [索取号:B2/159] | 在馆 |